000 00475nam a2200193Ia 4500
005 20220707110944.0
008 131103s9999 xx 000 0 und d
040 _aLoreto College
041 _aEnglish
082 _a305.8
_bRIS
100 _aRisley, H. H
245 _aTribes & castes of Bengal
_cH. H. Risley
260 _aKolkata
_bFirma Mukhopadhyay
_c1981
300 _a191p.
650 _aCast
651 _aManners and Customs
850 _aLCLIB
942 _cBK
999 _c20740
_d71219